Senior technical mathematics. / (Record no. 1668)

MARC details
000 -LEADER
fixed length control field 01374nam a22001577a 4500
008 - FIXED-LENGTH DATA ELEMENTS--GENERAL INFORMATION
fixed length control field 120709t xxu||||| |||| 00| 0 eng d
050 ## - LIBRARY OF CONGRESS CALL NUMBER
Classification number QA276.H34
245 ## - TITLE STATEMENT
Title Senior technical mathematics. /
Statement of responsibility, etc. edited by A.H. Heywood
260 ## - PUBLICATION, DISTRIBUTION, ETC.
Place of publication, distribution, etc. Toronto:
Name of publisher, distributor, etc. Macmillan Company,
Date of publication, distribution, etc. 1960.
300 ## - PHYSICAL DESCRIPTION
Extent xii, 558 p.:
Dimensions 24cm.
500 ## - GENERAL NOTE
General note Includes index.
505 ## - FORMATTED CONTENTS NOTE
Formatted contents note Contents: Algebra: Fundamental operations -- Equations -- Factoring -- Ratio and proportion, variation -- Quadratic surds -- Quadratic surds -- Quadratic equation, surd equations -- Theory of quadratic equations -- Series of progressions -- Indices, logarithms, slide rule: Indices -- Logarithms -- The Slide rule -- Approximate numbers: Approximate numbers -- Mensuration: Perimeters and areas of plane figures -- Areas and volumes of solids -- Trigonometry: Introduction to trigonometry -- Use of tables and identities -- The Right triangle and shop problems -- Trigonometric ratios of any angle -- The Oblique triangle -- Solution of the oblique triangle using logarithms -- Properties of triangles -- Review problems -- Statics: Machines -- Composition and resolution of forces -- Centre of gravity and friction -- Geometry: Practical geometry -- Deductive geometry -- Definitions -- Mathemtical tables -- Answers.
650 ## - SUBJECT ADDED ENTRY--TOPICAL TERM
Topical term or geographic name entry element Mathematics
General subdivision Problems, exercises, etc.
700 ## - ADDED ENTRY--PERSONAL NAME
Personal name Heywood, A. H.
942 ## - ADDED ENTRY ELEMENTS (KOHA)
Source of classification or shelving scheme Library of Congress Classification
Koha item type Books
Holdings
Withdrawn status Lost status Source of classification or shelving scheme Damaged status Not for loan Home library Current library Shelving location Date acquired Total Checkouts Full call number Barcode Date last seen Copy number Price effective from Koha item type
    Library of Congress Classification     WISCONSIN INTERNATIONAL UNIVERSITY COLLEGE, GHANA - MAIN LIBRARY WISCONSIN INTERNATIONAL UNIVERSITY COLLEGE, GHANA - MAIN LIBRARY General Stacks 09/07/2012   QA276.H34 4756/12 09/07/2012 1 09/07/2012 Books

If you have any concerns or questions; kindly contact the library


© Powered by WIUC ICT DIRECTORATE